[Event "Lansing (MI Am/1)"]
[Site "?"]
[Date "1993.??.??"]
[Round "?"]
[White "Flynn, John"]
[Black "Snuske, R."]
[Result "0-1"]
[WhiteElo "1605"]
[BlackElo "1605"]
[PlyCount "76"]
[EventDate "1993.??.??"]

1. e4 e5 2. Nf3 Nc6 3. d4 exd4 4. Nxd4 Bc5 5. Be3 d6 6. Nc3 Bxd4 7. Bxd4 Nf6 8.
Be2 O-O 9. O-O Nxd4 10. Qxd4 c5 11. Qe3 Bd7 12. h3 Re8 13. Rad1 Bc6 14. f3 Qe7
15. Bd3 d5 16. Qe1 d4 17. Nb5 a6 18. Na3 b5 19. c3 c4 20. e5 Qxe5 21. Qxe5 Rxe5
22. cxd4 Rg5 23. Bc2 Nd5 24. h4 Rh5 25. Rfe1 Rxh4 26. Be4 Rd8 27. Rc1 Nb4 28.
Bxc6 Nxc6 29. Re4 Rxe4 30. fxe4 Nxd4 31. Rd1 Ne2+ 32. Kf2 Rxd1 33. Kxe2 Rc1 34.
Kd2 Rg1 35. Ke3 Rxg2 36. Kd4 Rg4 37. Nc2 f5 38. Ne3 Rxe4+ 0-1

[Event "Lansing (MI Am/5)"]
[Site "?"]
[Date "1993.??.??"]
[Round "?"]
[White "Flynn, John"]
[Black "Krzyston, Joe"]
[Result "1-0"]
[WhiteElo "1605"]
[BlackElo "1605"]
[PlyCount "93"]
[EventDate "1993.??.??"]

1. e4 e5 2. Nf3 Nc6 3. Bb5 Nf6 4. Nc3 Bd6 5. d3 a6 6. Ba4 b5 7. Bb3 O-O 8. Bg5
Nd4 9. Nd5 Nxb3 10. axb3 h6 11. Bxf6 gxf6 12. O-O c6 13. Ne3 Bb7 14. Nf5 Be7
15. Nxh6+ Kh7 16. Nf5 Rg8 17. Qd2 Bf8 18. N3h4 d5 19. Qe3 d4 20. Qd2 c5 21. c3
c4 22. cxd4 exd4 23. bxc4 bxc4 24. dxc4 Bxe4 25. Nxd4 a5 26. Rfd1 Bb4 27. Qe3
Rg4 28. f3 Rxh4 29. fxe4 Qc7 30. g3 Rg8 31. Qd3 Rhg4 32. e5+ R4g6 33. exf6 Bc5
34. Rf1 Qb6 35. Rf4 Rd8 36. Rd1 Qxb2 37. Rg4 Kg8 38. Rxg6+ Kf8 39. Rg4 Rd6 40.
Rf4 Bxd4+ 41. Rxd4 Rxf6 42. Rd8+ Kg7 43. Rf1 Qb6+ 44. Qd4 Qe6 45. Qxf6+ Qxf6
46. Rxf6 Kxf6 47. c5 1-0

[Event "Lansing (MI Am/3)"]
[Site "?"]
[Date "1993.??.??"]
[Round "?"]
[White "Flynn, John"]
[Black "Brelitch, D."]
[Result "0-1"]
[WhiteElo "1605"]
[BlackElo "1605"]
[PlyCount "90"]
[EventDate "1993.??.??"]

1. e4 d6 2. Nc3 Nf6 3. Nf3 g6 4. Bc4 Bg7 5. d4 O-O 6. O-O Nc6 7. Re1 Bg4 8. Be2
Qd7 9. Be3 a6 10. h3 Bxh3 11. d5 Qg4 12. g3 Nb8 13. Ng5 Qd7 14. Nxh3 Qxh3 15.
Bf1 Qd7 16. Kg2 c6 17. Rb1 cxd5 18. Nxd5 Nxd5 19. exd5 Qa4 20. a3 Rc8 21. c3
Qxd1 22. Rbxd1 Nd7 23. Bf4 Ne5 24. Bxe5 Bxe5 25. Rd3 Rc5 26. Rde3 Rxd5 27. f4
Rd2+ 28. R1e2 Rxe2+ 29. Bxe2 Bf6 30. Bf3 Rb8 31. Re4 b5 32. Bd1 e5 33. Kf3 h5
34. g4 hxg4+ 35. Kxg4 Kg7 36. Be2 Rh8 37. Kg3 exf4+ 38. Rxf4 Be5 39. c4 Bxf4+
40. Kxf4 bxc4 41. Kf3 Rc8 42. Ke3 c3 43. bxc3 Rxc3+ 44. Kd2 Rxa3 45. Ke1 a5 0-1

[Event "Lansing (MI Am/Ex)"]
[Site "?"]
[Date "1993.??.??"]
[Round "?"]
[White "Fleshman, Justin"]
[Black "Spencer, Gordon"]
[Result "0-1"]
[WhiteElo "1605"]
[BlackElo "1605"]
[PlyCount "68"]
[EventDate "1993.??.??"]

1. d4 Nf6 2. e3 d6 3. h3 g6 4. Bd3 Bg7 5. c4 Nbd7 6. Nc3 O-O 7. Bd2 Re8 8. f4
e5 9. fxe5 dxe5 10. dxe5 Nxe5 11. Bc2 Nxc4 12. b3 Qxd2+ 13. Qxd2 Nxd2 14. Kxd2
Rd8+ 15. Bd3 Ne4+ 16. Ke2 Nxc3+ 17. Kd2 Ne4+ 18. Ke2 Ng3+ 19. Kf3 Nxh1 20. Bc4
Bxa1 21. a4 b6 22. b4 Bb7+ 23. Ke2 Bc3 24. e4 Rd2+ 25. Kf3 Re8 26. Ne2 Bxe4+
27. Kf4 Bd3 28. Bxd3 Rxd3 29. b5 Rxe2 30. Kg5 Re4 31. g4 Rd5+ 32. Kh6 Ree5 33.
a5 Rh5+ 34. gxh5 Rxh5# 0-1

[Event "Lansing (MI Am/2)"]
[Site "?"]
[Date "1993.??.??"]
[Round "?"]
[White "Fleshman, Justin"]
[Black "Serwatowski, Felix"]
[Result "0-1"]
[WhiteElo "1605"]
[BlackElo "1605"]
[PlyCount "60"]
[EventDate "1993.??.??"]

1. d4 d5 2. e3 Nf6 3. Bd3 Nc6 4. Nd2 e5 5. c3 e4 6. Bb1 Bd6 7. f3 O-O 8. fxe4
Bg4 9. Ndf3 dxe4 10. c4 exf3 11. gxf3 Bh5 12. c5 Be7 13. Qc2 Qd5 14. Qe2 Qd7
15. e4 Rfe8 16. Qc2 Nxd4 17. Qd3 Bxc5 18. e5 Rxe5+ 19. Kf1 Bg6 20. Qd2 Bxb1 21.
Rxb1 Qc6 22. Qd3 Rae8 23. Bf4 Rd5 24. Nh3 Nxf3 25. Qxf3 Qb5+ 26. Kg2 Re2+ 27.
Kf1 Rxb2+ 28. Ke1 Rxb1+ 29. Bc1 Rxc1+ 30. Qd1 Rdxd1# 0-1

[Event "Lansing (MI Am/5)"]
[Site "?"]
[Date "1993.??.??"]
[Round "?"]
[White "Fleshman, Justin"]
[Black "Friedland, J."]
[Result "0-1"]
[WhiteElo "1605"]
[BlackElo "1605"]
[PlyCount "83"]
[EventDate "1993.??.??"]

1. d4 d5 2. e3 e6 3. Bd3 Bd6 4. Nd2 Nd7 5. c3 c6 6. f4 f5 7. Nh3 Ngf6 8. Ng5
Qe7 9. Qe2 O-O 10. O-O h6 11. Nh3 a6 12. Nf3 Re8 13. Ne5 Bxe5 14. dxe5 Ne4 15.
Bxe4 dxe4 16. b4 Nb6 17. Bd2 Bd7 18. c4 c5 19. b5 axb5 20. cxb5 Ra3 21. Rfe1
Nd5 22. g4 Qh4 23. Nf2 fxg4 24. Qxg4 Qxg4+ 25. Nxg4 b6 26. h4 Nc7 27. h5 Bxb5
28. Rf1 Bxf1 29. Kxf1 c4 30. Rc1 Rxa2 31. Bb4 b5 32. Bd6 Nd5 33. Rb1 c3 34. Bc5
c2 35. Rc1 Rb2 36. Bd4 Rb1 37. Re1 Rxe1+ 38. Kxe1 c1=Q+ 39. Ke2 Rc8 40. Nf6+
gxf6 41. Kf2 Rc2+ 42. Kg3 0-1

[Event "East Lansing (MI Op/3/26)"]
[Site "?"]
[Date "1993.??.??"]
[Round "?"]
[White "Fleming, William"]
[Black "Skidmore, Jennifer"]
[Result "0-1"]
[WhiteElo "1835"]
[BlackElo "1950"]
[PlyCount "66"]
[EventDate "1993.??.??"]

{3/(26)} 1. e4 e5 2. Nf3 d6 3. Bc4 Be7 4. c3 Nf6 5. d3 Bg4 6. Nbd2 O-O 7. Nf1
c6 8. h3 Bh5 9. Ng3 Bxf3 10. Qxf3 d5 11. Bb3 Re8 12. O-O Na6 13. Nf5 Bf8 14.
Bg5 Re6 15. d4 Qc7 16. dxe5 Nxe4 17. Qg4 Rg6 18. f4 Bc5+ 19. Kh2 Nxg5 20. fxg5
Qxe5+ 21. Kh1 Re8 22. Rae1 Qxe1 23. Rxe1 Rxe1+ 24. Kh2 Bg1+ 25. Kg3 Rge6 26.
Bc2 Nc5 27. Qf4 R1e5 28. Nd6 Re3+ 29. Kg4 Re7 30. Kh5 Ne6 31. Qf1 Bh2 32. Qf2
Bxd6 33. Qxe3 Nf4+ 0-1

[Event "East Lansing (MI Op/7/25)"]
[Site "?"]
[Date "1993.??.??"]
[Round "?"]
[White "Fleming, William"]
[Black "Robbins, Fred"]
[Result "0-1"]
[WhiteElo "1835"]
[BlackElo "1930"]
[PlyCount "64"]
[EventDate "1993.??.??"]

{7/(25)} 1. e4 Nf6 2. Nc3 d5 3. e5 Ne4 4. d4 e6 5. Bd3 Nxc3 6. bxc3 c5 7. Nf3
Nc6 8. Be3 c4 9. Be2 Ne7 10. O-O Nf5 11. h3 Be7 12. Nh2 Nxe3 13. fxe3 O-O 14.
Bh5 f5 15. exf6 Bxf6 16. Qe2 Bd7 17. e4 Qe7 18. Bg4 Rae8 19. Bh5 g6 20. Bf3 e5
21. exd5 exd4 22. Qxe7 Rxe7 23. cxd4 Bxd4+ 24. Kh1 Bxa1 25. Rxa1 Rf6 26. Ng4
Rd6 27. Nf2 Kg7 28. Rd1 Bf5 29. Rd4 b5 30. Be4 Re5 31. c3 Bxe4 32. Nxe4 Rdxd5
0-1

[Event "Troy (TCC/B/4/1)"]
[Site "?"]
[Date "1993.??.??"]
[Round "?"]
[White "Fleming, William"]
[Black "Moore, Robert"]
[Result "1-0"]
[WhiteElo "1780"]
[BlackElo "1760"]
[PlyCount "109"]
[EventDate "1993.??.??"]

{4/(1)} 1. e4 c5 2. Nf3 d6 3. d4 cxd4 4. Qxd4 Nf6 5. Nc3 e6 6. Bg5 Nc6 7. Bb5
Be7 8. O-O-O O-O 9. Bxc6 bxc6 10. Bxf6 gxf6 11. e5 d5 12. Qg4+ Kh8 13. Qh5 Qb6
14. Rd4 f5 15. h4 Rg8 16. Qxf7 Qd8 17. Kb1 Bd7 18. Ng5 Rg7 19. Qh5 Bxg5 20.
hxg5 Qxg5 21. Qxg5 Rxg5 22. Rdh4 Rg7 23. Ne2 Be8 24. Rh6 Bf7 25. g3 c5 26. Nf4
Re8 27. Rf6 Re7 28. Rhh6 Rg4 29. b3 Kg8 30. Nxe6 Bxe6 31. Rxe6 Rxe6 32. Rxe6
Re4 33. a4 f4 34. gxf4 Rxf4 35. Rd6 h5 36. Rxd5 h4 37. e6 Re4 38. Rxc5 Rxe6 39.
Rg5+ Kf7 40. Rg2 h3 41. Rh2 Rh6 42. Kc1 Kf6 43. Kd2 Kf5 44. Ke3 Kg4 45. b4 Rd6
46. Rh1 Re6+ 47. Kd3 Rf6 48. Rh2 Rf3+ 49. Kd4 Ra3 50. a5 Ra1 51. c4 Rd1+ 52.
Kc5 Rd3 53. b5 Ra3 54. a6 Rf3 55. Kd6 1-0

[Event "East Lansing (MI Op/1b/15)"]
[Site "?"]
[Date "1993.??.??"]
[Round "?"]
[White "Fleming, William"]
[Black "Lehotzky, Attila"]
[Result "0-1"]
[WhiteElo "1835"]
[BlackElo "2030"]
[PlyCount "66"]
[EventDate "1993.??.??"]

1. e4 d6 2. d4 Nf6 3. Nc3 g6 4. Nf3 Bg7 5. h3 O-O 6. Be3 b6 7. Qd2 Bb7 8. Bd3
Na6 9. a3 c5 10. d5 Rc8 11. Bc4 Nd7 12. Bh6 Nc7 13. h4 b5 14. Ba2 b4 15. axb4
cxb4 16. Na4 a5 17. h5 Bh8 18. hxg6 fxg6 19. Bxf8 Qxf8 20. Qh6 Qxh6 21. Rxh6
Bg7 22. Rh3 Nf6 23. Nd2 Nb5 24. Rc1 Nh5 25. Bc4 Ba6 26. Rf3 Bh6 27. g3 Bxd2+
28. Kxd2 Rxc4 29. Ke3 Nf6 30. Rf4 g5 31. Rf5 Rxe4+ 32. Kf3 Nd4+ 33. Kg2 Nxf5
0-1

[Event "East Lansing (MI Op/5/26)"]
[Site "?"]
[Date "1993.??.??"]
[Round "?"]
[White "Fleming, William"]
[Black "LaMar, Frank"]
[Result "0-1"]
[WhiteElo "1835"]
[BlackElo "2085"]
[PlyCount "44"]
[EventDate "1993.??.??"]

{5/(26)} 1. e4 c5 2. Nf3 d6 3. d4 cxd4 4. Qxd4 Nf6 5. Nc3 Nc6 6. Bb5 e5 7. Qd3
Be7 8. Bg5 Be6 9. O-O-O O-O 10. Bxc6 bxc6 11. Bxf6 Bxf6 12. Qxd6 Qa5 13. Qxc6
Rfc8 14. Qb5 Qc7 15. Rd2 Rab8 16. Qd3 Qa5 17. Nd5 Qxa2 18. c3 Bxd5 19. exd5 e4
20. Qxe4 Bxc3 21. bxc3 Qa1+ 22. Kc2 Rxc3# 0-1

[Event "Troy (TCC/B/2/1)"]
[Site "?"]
[Date "1993.??.??"]
[Round "?"]
[White "Fleming, William"]
[Black "Drysdale, Gilbert"]
[Result "1-0"]
[WhiteElo "1780"]
[BlackElo "1655"]
[PlyCount "69"]
[EventDate "1993.??.??"]

{2/(1)} 1. e4 d5 2. Nc3 dxe4 3. Nxe4 e5 4. Nf3 f5 5. Ng3 e4 6. Ne5 Qd4 7. Qh5+
g6 8. Nxg6 Nf6 9. Qh4 Rg8 10. Nxf8 Ng4 11. Qxh7 Qxf2+ 12. Kd1 Qd4 13. Qxg8 Ne3+
14. Ke2 Qc4+ 15. Qxc4 Nxc4 16. Ng6 Nc6 17. b3 Nd4+ 18. Kd1 Nd6 19. Bb2 Ne6 20.
h4 f4 21. Ne2 Nf5 22. Nexf4 Ng3 23. Rg1 Nc5 24. Be2 Bf5 25. h5 O-O-O 26. Ne7+
Kb8 27. Nxf5 Nxf5 28. Bg4 Ne3+ 29. Ke2 Nxg4 30. Raf1 Nh2 31. Re1 Rf8 32. g3 Nf3
33. h6 Nxg1+ 34. Rxg1 Rf7 35. Bg7 1-0

[Event "East Lansing (MI Op/1b/6)"]
[Site "?"]
[Date "1993.??.??"]
[Round "?"]
[White "Finegold, Ron"]
[Black "Walker, Douglas"]
[Result "1-0"]
[WhiteElo "2190"]
[BlackElo "1915"]
[PlyCount "89"]
[EventDate "1993.??.??"]

1. g3 Nf6 2. Bg2 e6 3. d3 Be7 4. e4 d6 5. f4 Nbd7 6. Nc3 c6 7. d4 O-O 8. Nge2
e5 9. O-O exd4 10. Nxd4 Nb6 11. h3 Bd7 12. g4 g6 13. f5 Nc4 14. g5 Ne8 15. f6
Nxf6 16. gxf6 Bxf6 17. Nde2 Be5 18. Qd3 Be6 19. b3 Nb6 20. Bf4 Nd7 21. Rad1 Qe7
22. Qg3 f6 23. Nd4 Rf7 24. Nf5 Bxf5 25. exf5 g5 26. Bxe5 Nxe5 27. Rfe1 Rg7 28.
Ne4 Rd8 29. Kh1 h5 30. c4 h4 31. Qe3 Qf8 32. c5 d5 33. Nxf6+ Qxf6 34. Qxe5 Qxe5
35. Rxe5 Rf8 36. Bf3 Rf6 37. Bh5 Kh7 38. Rde1 Kh6 39. Bg6 g4 40. hxg4 Kg5 41.
Bh5 b6 42. Re6 Rxe6 43. Rxe6 bxc5 44. f6 Rb7 45. f7 1-0

[Event "East Lansing (MI Op/3/8)"]
[Site "?"]
[Date "1993.??.??"]
[Round "?"]
[White "Finegold, Ron"]
[Black "Vandivier, Don"]
[Result "1-0"]
[WhiteElo "2190"]
[BlackElo "2065"]
[PlyCount "47"]
[EventDate "1993.??.??"]

{3/(8)} 1. c4 e6 2. g3 d5 3. Bg2 Nf6 4. Nf3 Be7 5. O-O O-O 6. d3 dxc4 7. dxc4
Qxd1 8. Rxd1 Nc6 9. Nc3 a6 10. b3 Bb4 11. Bb2 Re8 12. Na4 e5 13. c5 Nd7 14.
Rac1 Na5 15. Nxe5 Nxe5 16. Bxe5 Be6 17. Bxc7 Nxb3 18. axb3 Bxb3 19. Rd4 Ba3 20.
Ra1 Rxe2 21. Rxa3 Re1+ 22. Bf1 Be6 23. Kg2 Re8 24. Re3 1-0

[Event "East Lansing (MI Op/5/10)"]
[Site "?"]
[Date "1993.??.??"]
[Round "?"]
[White "Finegold, Ron"]
[Black "Kulbacki, James"]
[Result "1-0"]
[WhiteElo "2190"]
[BlackElo "2035"]
[PlyCount "133"]
[EventDate "1993.??.??"]

{5/(10)} 1. e4 e6 2. c4 d5 3. exd5 exd5 4. cxd5 Qxd5 5. Nc3 Qa5 6. Bc4 Nf6 7.
Qb3 Qh5 8. Nge2 Bd6 9. d4 O-O 10. Nb5 Re8 11. Be3 Nc6 12. Nxd6 cxd6 13. Nf4
Qa5+ 14. Qc3 Bf5 15. Qxa5 Nxa5 16. Be2 Rac8 17. O-O Nc4 18. Bc1 h6 19. b3 Nb6
20. Bd3 Bxd3 21. Nxd3 Re4 22. Bb2 Rc2 23. Rfc1 Ree2 24. Rxc2 Rxc2 25. Rd1 Nbd5
26. a4 a5 27. Ba3 Nc3 28. Ra1 Ne2+ 29. Kf1 Nxd4 30. Bxd6 Nxb3 31. Rd1 Ne4 32.
Bf4 Nc3 33. Re1 Nxa4 34. Re8+ Kh7 35. Re7 Nbc5 36. Nxc5 Nxc5 37. Rxf7 Kg6 38.
Rc7 b6 39. Be3 a4 40. Rc6+ Kf5 41. Rxb6 Ne6 42. Rb5+ Kg6 43. Ra5 Ra2 44. g4 Ng5
45. Ra6+ Kf7 46. Ra7+ Kg6 47. h4 Nf3 48. h5+ Kf6 49. Kg2 Ne1+ 50. Kf1 Nf3 51.
Kg2 Ne1+ 52. Kg3 Nc2 53. Bc5 Ra1 54. Bf8 Rg1+ 55. Kf4 g5+ 56. hxg6 Kxg6 57.
Ra6+ Kh7 58. Rxa4 Rh1 59. Ra7+ Kg6 60. Ra6+ Kh7 61. Rd6 h5 62. g5 Rh4+ 63. Ke5
Rg4 64. Be7 h4 65. Kf5 Rg2 66. g6+ Kg8 67. Rd8+ 1-0

[Event "Flint (MEX/1)"]
[Site "?"]
[Date "1993.??.??"]
[Round "?"]
[White "Finegold, Ron"]
[Black "Johnson, Roger"]
[Result "0-1"]
[WhiteElo "2215"]
[BlackElo "2080"]
[PlyCount "80"]
[EventDate "1993.??.??"]

1. e4 c5 2. c4 Nc6 3. b3 g6 4. Bb2 e5 5. f4 d6 6. Be2 Bh6 7. fxe5 dxe5 8. Nf3
Bg7 9. O-O Be6 10. b4 cxb4 11. a3 bxa3 12. Bxa3 Nge7 13. Ng5 Qd4+ 14. Kh1 Qxa1
15. Qb3 Qd4 16. Bxe7 Nxe7 17. Qxb7 O-O 18. Qxe7 Bxc4 19. d3 Bb3 20. Qa3 Qe3 21.
Nc3 Qxg5 22. Qxb3 Qd2 23. Rd1 Qe3 24. Qa2 a5 25. Nd5 Qc5 26. Qa4 Rfb8 27. Rf1
Ra7 28. Bd1 Rb1 29. Qe8+ Qf8 30. Qa4 Qd8 31. Qa2 Rab7 32. Qa4 Rc1 33. Qa2 Bf8
34. Qf2 Bc5 35. Qg3 Bd4 36. Qf3 Kg7 37. h3 Ra7 38. Kh2 a4 39. Nb4 a3 40. Nc6
Rxc6 0-1

[Event "Flint (MEX/3)"]
[Site "?"]
[Date "1993.??.??"]
[Round "?"]
[White "Finegold, Ron"]
[Black "Gabbara, Faris"]
[Result "1-0"]
[WhiteElo "2215"]
[BlackElo "2205"]
[PlyCount "148"]
[EventDate "1993.??.??"]

1. g3 d5 2. Bg2 c5 3. d3 e5 4. f4 Nc6 5. Nf3 Bd6 6. fxe5 Nxe5 7. Nc3 Nxf3+ 8.
Bxf3 Ne7 9. e4 d4 10. Ne2 Ng6 11. O-O Bh3 12. Rf2 Qc7 13. Bg2 Bxg2 14. Kxg2 h5
15. Nf4 Nxf4+ 16. Bxf4 Bxf4 17. Rxf4 O-O-O 18. Qf3 f6 19. a4 Kb8 20. Rf1 Rde8
21. h4 c4 22. Rf5 cxd3 23. cxd3 Qc2+ 24. Rf2 Qxa4 25. Rxh5 Rxh5 26. Qxh5 Qd7
27. Rc2 Rc8 28. Rxc8+ Qxc8 29. Qd5 a6 30. Qxd4 Qc2+ 31. Kh3 Qc8+ 32. g4 Qc1 33.
e5 Qf1+ 34. Kg3 fxe5 35. Qxe5+ Ka8 36. Qxg7 Qxd3+ 37. Kf4 Qd2+ 38. Kf5 Qd3+ 39.
Kg5 Qd8+ 40. Kh5 a5 41. g5 a4 42. Qf6 Qd5 43. Kh6 b5 44. g6 Qd2+ 45. Kh7 Qd3
46. Kh8 Qe2 47. g7 Qh5+ 48. Kg8 Qd5+ 49. Kf8 Qc5+ 50. Qe7 Qf5+ 51. Ke8 Qg6+ 52.
Kd7 Kb7 53. Qg5 Qf7+ 54. Kd6 Qc7+ 55. Ke6 Qc8+ 56. Kf6 Qc6+ 57. Kf7 Qc4+ 58.
Kg6 b4 59. Kh6 Qe6+ 60. Kh7 Qe4+ 61. Kh6 Qe6+ 62. Qg6 Qg8 63. Qe4+ Ka7 64. Qe7+
Ka6 65. Qd6+ Kb5 66. Qf8 Qe6+ 67. Kg5 Qe3+ 68. Qf4 Qe8 69. Qf1+ Kb6 70. Qf6+
Ka7 71. Qd4+ Kb8 72. Qxb4+ Ka7 73. Qd4+ Kb8 74. Qb6+ Ka8 1-0

[Event "East Lansing (MI Op/6/8)"]
[Site "?"]
[Date "1993.??.??"]
[Round "?"]
[White "Finegold, Ron"]
[Black "Calton, Bill"]
[Result "1-0"]
[WhiteElo "2190"]
[BlackElo "2085"]
[PlyCount "55"]
[EventDate "1993.??.??"]

{6/(8)} 1. c4 Nf6 2. g3 g6 3. Bg2 Bg7 4. Nc3 O-O 5. b4 e5 6. Rb1 d6 7. d3 Nc6
8. Nd5 Nxd5 9. cxd5 Nb8 10. h4 Na6 11. Nf3 Qe8 12. O-O Bd7 13. Be3 h6 14. b5
Nc5 15. Qc1 b6 16. Bxh6 a6 17. Bxg7 Kxg7 18. bxa6 Rxa6 19. Qc4 b5 20. Qc2 Qa8
21. Nxe5 Rxa2 22. Qc1 Qe8 23. Nxd7 Qxd7 24. Kh2 Ra4 25. Qc3+ Kh7 26. Ra1 {[1-0,
31?]} Rb8 27. e3 Rb6 28. Rfc1 1-0

[Event "Ann Arbor (HV Mini)"]
[Site "?"]
[Date "1993.??.??"]
[Round "?"]
[White "Finegold, Mark"]
[Black "Finegold, Ben"]
[Result "0-1"]
[WhiteElo "2230"]
[BlackElo "2590"]
[PlyCount "50"]
[EventDate "1993.??.??"]

1. e4 d5 2. exd5 Nf6 3. c4 c6 4. d4 cxd5 5. Nc3 g6 6. Qb3 Bg7 7. cxd5 O-O 8. g3
Nbd7 9. Bg2 Nb6 10. Nge2 Bf5 11. O-O Bd3 12. Qd1 Ba6 13. b4 Bc4 14. Re1 Nfxd5
15. Nxd5 Bxd5 16. Bxd5 Nxd5 17. Bd2 Qb6 18. Rb1 Rfd8 19. Be3 Nxe3 20. fxe3 e5
21. Rf1 exd4 22. exd4 Bxd4+ 23. Kg2 Qc6+ 24. Rf3 Bg7 25. Qc1 Qe4 0-1

[Event "Ann Arbor (HV Mini)"]
[Site "?"]
[Date "1993.??.??"]
[Round "?"]
[White "Finegold, Mark"]
[Black "Bauerle, Paul"]
[Result "1-0"]
[WhiteElo "2230"]
[BlackElo "1930"]
[PlyCount "97"]
[EventDate "1993.??.??"]

1. e4 e6 2. d4 d5 3. Nc3 Bb4 4. Nge2 dxe4 5. a3 Bxc3+ 6. Nxc3 f5 7. f3 exf3 8.
Qxf3 Nf6 9. Bf4 O-O 10. O-O-O Nbd7 11. Nb5 Nd5 12. Qg3 c6 13. Nc7 N7f6 14. Nxa8
Nh5 15. Qf3 Ndxf4 16. g3 Qd5 17. Be2 Nxe2+ 18. Qxe2 Nf6 19. c4 Qe4 20. Qd2 Bd7
21. Nc7 Rc8 22. Rhe1 Qg4 23. Nxe6 Ne4 24. Qf4 Bxe6 25. Qxg4 fxg4 26. Rxe4 Bxc4
27. Rde1 h5 28. Re8+ Rxe8 29. Rxe8+ Kf7 30. Rb8 b5 31. Rb7+ Kf6 32. Rxa7 g6 33.
Kd2 Kf5 34. Re7 Kf6 35. Re5 Bd5 36. Rxd5 cxd5 37. b3 Ke6 38. Kc3 Kd6 39. Kb4
Ke6 40. Kxb5 Kf5 41. Kc5 Ke4 42. b4 Kf3 43. b5 g5 44. b6 h4 45. b7 hxg3 46.
hxg3 Kxg3 47. b8=Q+ Kh3 48. Qe5 Kh4 49. Qh2# 1-0

[Event "Troy (TCC/X/1a/3)"]
[Site "?"]
[Date "1993.??.??"]
[Round "?"]
[White "Finegold, Gina"]
[Black "Djordjevic, B."]
[Result "1-0"]
[WhiteElo "2025"]
[BlackElo "2150"]
[PlyCount "67"]
[EventDate "1993.??.??"]

1. d4 e6 2. c4 Nf6 3. Nc3 Bb4 4. Qc2 O-O 5. Bg5 h6 6. Bh4 a5 7. Nf3 d6 8. a3
Bxc3+ 9. Qxc3 Nbd7 10. e3 Re8 11. Rd1 g5 12. Bg3 Ne4 13. Qc2 f5 14. Nd2 Nxg3
15. hxg3 Qf6 16. Bd3 Kg7 17. O-O Nf8 18. c5 d5 19. c6 b6 20. Nf3 Ng6 21. Qc3
Ba6 22. Bxa6 Rxa6 23. Ne5 Nxe5 24. dxe5 Qe7 25. g4 fxg4 26. e4 Qc5 27. Qd3 Raa8
28. exd5 exd5 29. Qxd5 Qxd5 30. Rxd5 Rad8 31. Rd7+ Rxd7 32. cxd7 Rd8 33. e6 Kf6
34. Re1 1-0

[Event "East Lansing (MI Op/6/2)"]
[Site "?"]
[Date "1993.??.??"]
[Round "?"]
[White "Finegold, Ben"]
[Black "Ward, Tom"]
[Result "1-0"]
[WhiteElo "2615"]
[BlackElo "2185"]
[PlyCount "87"]
[EventDate "1993.??.??"]

{6/(2)} 1. d4 Nf6 2. c4 e6 3. Nc3 Bb4 4. Qc2 O-O 5. Nf3 c5 6. dxc5 Na6 7. g3
Nxc5 8. Bg2 d5 9. O-O Qe7 10. Rd1 Bxc3 11. Qxc3 b6 12. Qe5 Ncd7 13. Qg5 Bb7 14.
cxd5 Bxd5 15. Bd2 Rac8 16. Bc3 h6 17. Qe3 Rfd8 18. Rd4 Rc4 19. Rxc4 Bxc4 20.
Nd4 Qc5 21. Nc6 Qxe3 22. fxe3 Re8 23. Nxa7 Bxe2 24. Bc6 Rd8 25. Rc1 Nc5 26. b4
Nce4 27. Bd4 Rb8 28. a4 Bf3 29. Bxf6 gxf6 30. Rf1 Nd2 31. Rf2 Bxc6 32. Nxc6 Ra8
33. Rxd2 Rxa4 34. Kf2 Kg7 35. Kf3 f5 36. g4 fxg4+ 37. Kxg4 f5+ 38. Kf3 Kf6 39.
h4 Ra1 40. Rd6 Rf1+ 41. Ke2 Rb1 42. Nd4 Rxb4 43. Rxe6+ Kf7 44. Rxh6 1-0

[Event "Eastpointe (MI Action/5/1)"]
[Site "?"]
[Date "1993.??.??"]
[Round "?"]
[White "Finegold, Ben"]
[Black "Tsemekhman, Vadim"]
[Result "1/2-1/2"]
[WhiteElo "2595"]
[BlackElo "2430"]
[PlyCount "71"]
[EventDate "1993.??.??"]

{5/(1)} 1. d4 Nf6 2. c4 g6 3. Nc3 Bg7 4. e4 d6 5. Nf3 O-O 6. Be2 e5 7. O-O Na6
8. Re1 c6 9. Bf1 Bg4 10. d5 cxd5 11. cxd5 Qb6 12. h3 Bxf3 13. Qxf3 Nc5 14. Rb1
a5 15. Be3 Nfd7 16. Bb5 Qd8 17. Rbc1 Rc8 18. Na4 Nxa4 19. Rxc8 Qxc8 20. Bxa4
Nc5 21. Rc1 b6 22. a3 Qa6 23. Bd1 Qb5 24. Qe2 Qxe2 25. Bxe2 f5 26. exf5 gxf5
27. b4 Nb3 28. Rc6 axb4 29. axb4 Nd4 30. Bxd4 exd4 31. Rxd6 Ra8 32. Rxb6 Ra1+
33. Kh2 Be5+ 34. g3 Ra2 35. Kg1 Rc2 36. Rc6 1/2-1/2

[Event "Eastpointe (MI Action/3/1)"]
[Site "?"]
[Date "1993.??.??"]
[Round "?"]
[White "Finegold, Ben"]
[Black "Moody, David"]
[Result "1-0"]
[WhiteElo "2595"]
[BlackElo "2000"]
[PlyCount "83"]
[EventDate "1993.??.??"]

{3/(1)} 1. b3 Nf6 2. Bb2 e6 3. Nf3 d5 4. g3 c5 5. Bg2 Nc6 6. O-O Be7 7. d4 cxd4
8. Nxd4 O-O 9. Nd2 Bd7 10. e3 Rc8 11. a3 a6 12. Re1 Nxd4 13. exd4 Qc7 14. c4
dxc4 15. bxc4 Qa5 16. Re5 Qc7 17. Rc1 Rfd8 18. h3 Qb8 19. Re1 Bc6 20. d5 Bd7
21. Be5 Qa7 22. d6 Bf8 23. Nf3 Bc6 24. Qd3 Qc5 25. Rcd1 Ba4 26. Ng5 Qxc4 27.
Qb1 Bc2 28. Qxb7 Rd7 29. Qf3 Bxd1 30. Rxd1 Qc2 31. Kh2 h6 32. Bxf6 hxg5 33.
Bxg5 Qf5 34. Qxf5 exf5 35. Bf4 Rb8 36. Bc6 Rdd8 37. d7 Rb2 38. Bc7 Be7 39. Re1
Kf8 40. Bxd8 Rxf2+ 41. Kg1 Bc5 42. Re8# 1-0

[Event "Flint (MEX/2)"]
[Site "?"]
[Date "1993.??.??"]
[Round "?"]
[White "Finegold, Ben"]
[Black "Mellen, Steve"]
[Result "1-0"]
[WhiteElo "2550"]
[BlackElo "2025"]
[PlyCount "77"]
[EventDate "1993.??.??"]

1. d4 Nf6 2. c4 g6 3. Nc3 Bg7 4. e4 d6 5. Nf3 O-O 6. Be2 e5 7. O-O Nc6 8. d5
Ne7 9. b4 a5 10. Ba3 Nd7 11. bxa5 Rxa5 12. Bb4 Ra8 13. a4 f5 14. Ng5 Nf6 15. c5
h6 16. cxd6 cxd6 17. Ne6 Bxe6 18. dxe6 Nc6 19. Bxd6 Re8 20. Bb5 Kh8 21. e7 Qd7
22. f3 Rec8 23. Rc1 Qe6 24. Bxc6 Rxc6 25. Bb4 Ne8 26. Qd5 Bf6 27. Qxe6 Rxe6 28.
Nd5 Bg5 29. Rc2 Kg7 30. a5 Kf7 31. g4 Rc6 32. Re2 f4 33. Rd1 Nc7 34. Nb6 Re8
35. Nd7 Re6 36. Bd6 Nb5 37. Bxe5 R8xe7 38. Ba1 Rc6 39. Ne5+ 1-0

[Event "East Lansing (MI Op/3/1)"]
[Site "?"]
[Date "1993.??.??"]
[Round "?"]
[White "Finegold, Ben"]
[Black "Hahn, David"]
[Result "1-0"]
[WhiteElo "2615"]
[BlackElo "2240"]
[PlyCount "57"]
[EventDate "1993.??.??"]

{3/(1)} 1. d4 d6 2. Nf3 g6 3. c4 f5 4. Nc3 Nf6 5. g3 Bg7 6. Bg2 O-O 7. O-O c6
8. d5 e5 9. dxe6 Bxe6 10. Qd3 Na6 11. Ng5 Qe7 12. Bf4 Rad8 13. Rad1 Ng4 14. Nd5
Qe8 15. Qa3 Ne5 16. b3 Rd7 17. Be3 Bxd5 18. cxd5 c5 19. Ne6 Rff7 20. h3 Rfe7
21. Bg5 Bh8 22. Qa4 Rf7 23. f4 h6 24. Bxh6 Rh7 25. Bg5 Nf7 26. Bh4 g5 27. fxg5
Ne5 28. Rxf5 Ng6 29. Rdf1 1-0

[Event "East Lansing (MI Op/1a/1)"]
[Site "?"]
[Date "1993.??.??"]
[Round "?"]
[White "Finegold, Ben"]
[Black "Golonka, Stan"]
[Result "1-0"]
[WhiteElo "2615"]
[BlackElo "1950"]
[PlyCount "51"]
[EventDate "1993.??.??"]

1. d4 c5 2. dxc5 e6 3. Nc3 Nf6 4. e4 Qa5 5. Bd3 Bxc5 6. Nf3 d5 7. O-O dxe4 8.
Nxe4 Be7 9. Bd2 Qd5 10. Qe2 O-O 11. Bc3 Nbd7 12. Rfd1 Qh5 13. Ng3 Qc5 14. Bd4
Qc7 15. Ne5 a6 16. c3 b6 17. Nxd7 Bxd7 18. Bxf6 Bxf6 19. Bxh7+ Kxh7 20. Qd3+
Kg8 21. Qxd7 Qc4 22. Qd3 Qc7 23. Ne4 Be5 24. Ng5 g6 25. Qh3 f5 26. Nxe6 1-0

[Event "Ann Arbor (HV Mini)"]
[Site "?"]
[Date "1993.??.??"]
[Round "?"]
[White "Finegold, Ben"]
[Black "Gabbara, Faris"]
[Result "1-0"]
[WhiteElo "2590"]
[BlackElo "2195"]
[PlyCount "127"]
[EventDate "1993.??.??"]

1. d4 d5 2. Bg5 Nf6 3. Bxf6 gxf6 4. e3 c5 5. dxc5 e6 6. c4 dxc4 7. Qa4+ Nc6 8.
Nc3 Bxc5 9. Qxc4 Qb6 10. O-O-O Ne5 11. Qf4 Be7 12. Nf3 Ng6 13. Qa4+ Kf8 14. h4
a6 15. h5 Ne5 16. Nxe5 fxe5 17. h6 Rg8 18. Qe4 Rg6 19. Be2 Qc7 20. Qc2 Bd7 21.
Bh5 Rxh6 22. Bxf7 Bh4 23. Qe4 Bc6 24. Qg4 Qxf7 25. Rxh4 Rg6 26. Qh5 Bxg2 27.
Qxe5 Kg8 28. Rf4 Qg7 29. Qa5 Qe7 30. f3 b5 31. Ne4 Rc8+ 32. Kb1 e5 33. Rf5 Bh3
34. Rh5 Bg2 35. Nd2 Qd6 36. Re1 Qd3+ 37. Ka1 Rgc6 38. Rg5+ Kh8 39. a4 Rc1+ 40.
Rxc1 Rxc1+ 41. Ka2 Qd5+ 42. Nb3 Rc4 43. axb5 axb5 44. e4 Qd7 45. Qd2 Qa7+ 46.
Kb1 Qg1+ 47. Nc1 Rxc1+ 48. Qxc1 Qxc1+ 49. Kxc1 Bxf3 50. Rxe5 b4 51. Kd2 Kg7 52.
Ke3 Bd1 53. Rg5+ Kf6 54. Rf5+ Kg6 55. Rf1 Bc2 56. e5 Bf5 57. Kd4 h5 58. Kd5 h4
59. e6 h3 60. e7 Bd7 61. Kd6 Be8 62. Rh1 Kf5 63. Rxh3 Bg6 64. Rb3 1-0